The Massachusetts teacher.

Bibliographic Details
Previous Title:Common ground
Corporate Authors: Massachusetts Teachers Association (1953- ), Massachusetts Teachers Federation
Format: Journal
Language:English
Published: [Boston] : [Massachusetts Teachers Association]
Subjects:
Online Availability: Check for online availability

MARC

Tag First Indicator Second Indicator Subfields
LEADER 00000cas a2200000 4500
001 in00000084287
005 20190422095659.0
008 760623d19311981maubx p 0 a0eng c
010 |a sc 80000867  
016 |a (AMICUS)000002786700 
016 7 |a 1487504-4  |2 DE-600 
019 |a 1032836648 
022 1 |a 0025-4908  |l 0025-4908  |2 1 
029 1 |a AU@  |b 000001887184 
029 1 |a DEBBG  |b BV009276873 
029 1 |a NLC  |b 000002786700 
035 |a (OCoLC)ocm04650718 
035 |a (OCoLC)4650718  |z (OCoLC)1032836648 
037 |b Massachusetts Teachers Association, 20 Ashburton Place, Boston, MA 02108 
040 |a NYG  |b eng  |c NYG  |d DLC  |d NSD  |d OCL  |d NSD  |d OCL  |d NST  |d DLC  |d BOS  |d OCLCQ  |d DEBBG  |d WAU  |d OCLCF  |d OCLCO  |d NLC  |d OCLCQ  |d UtOrBLW 
042 |a pcc  |a nsdp 
043 |a n-us---  |a n-us-ma 
049 |a TXAM 
050 4 |a L11  |b .M33 
082 0 4 |a 370.62744  |b qC73 
222 4 |a The Massachusetts teacher  |b (Boston. 1931) 
245 0 4 |a The Massachusetts teacher. 
264 1 |a [Boston] :  |b [Massachusetts Teachers Association] 
300 |a volumes  |b illustrations, portraits  |c 23-30 cm 
310 |a 8 no. a year 
336 |a text  |b txt  |2 rdacontent 
337 |a unmediated  |b n  |2 rdamedia 
338 |a volume  |b nc  |2 rdacarrier 
362 1 |a Began with: Vol. 11, no. 1 (Oct. 1931). 
362 1 |a Ceased with Sept. 1981.  |z Cf. letter from publisher. 
500 |a Official organ of the Massachusetts Teachers Federation, 1931-May 1953; of the Massachusetts Teachers Association, Oct. 1953- 
515 |a Volumes for Oct. 1931- called also whole number 92- 
650 0 |a Teachers  |x Salaries, etc.  |z United States.  |0 http://id.loc.gov/authorities/subjects/sh2008112606 
650 0 |a Education  |z Massachusetts  |v Periodicals. 
650 0 |a Education  |v Periodicals.  |0 http://id.loc.gov/authorities/subjects/sh2008102639 
650 7 |a Education.  |2 fast  |0 (OCoLC)fst00902499 
650 7 |a Teachers  |x Salaries, etc.  |2 fast  |0 (OCoLC)fst01144364 
651 7 |a Massachusetts.  |2 fast  |0 (OCoLC)fst01204307 
651 7 |a United States.  |2 fast  |0 (OCoLC)fst01204155 
655 7 |a Periodicals.  |2 fast  |0 (OCoLC)fst01411641 
710 2 |a Massachusetts Teachers Association (1953- )  |0 http://id.loc.gov/authorities/names/n80058343 
710 2 |a Massachusetts Teachers Federation.  |0 http://id.loc.gov/authorities/names/n80057021 
780 0 0 |t Common ground  |x 0275-0996  |w (DLC)sc 80000868 
850 |a P 
936 |a Nov. 1978 
994 |a C0  |b TXA 
949 |a updated  |b h  |c 2019/2/14  |e coplinger  |f 10:10:05 am 
999 f f |s ff625af1-28ae-3415-9e21-9808968142cb  |i ba9c4d34-e0d1-3674-bb1d-1276d8c7e4d4  |t 0 
952 f f |p ric  |a Texas A&M University  |b Rellis Campus  |c Joint Library Facility  |d Remote Storage  |t 0  |e L11 .M33  |h Library of Congress classification  |i unmediated -- volume  |k v.57:no.1:sect.1,no.3-[8]  |l 1977:Sept./Oct.,Dec.-1978:May/June  |m A14822176612 
952 f f |p ric  |a Texas A&M University  |b Rellis Campus  |c Joint Library Facility  |d Remote Storage  |t 0  |e L11 .M33  |h Library of Congress classification  |i unmediated -- volume  |k v.56  |l 1976/1977  |m A14822176662 
952 f f |p ric  |a Texas A&M University  |b Rellis Campus  |c Joint Library Facility  |d Remote Storage  |t 0  |e L11 .M33  |h Library of Congress classification  |i unmediated -- volume  |k v.52  |l 1972/1973  |m A14822176866 
952 f f |p ric  |a Texas A&M University  |b Rellis Campus  |c Joint Library Facility  |d Remote Storage  |t 0  |e L11 .M33  |h Library of Congress classification  |i unmediated -- volume  |k v.59  |l 1979/1980  |m A14822176515 
952 f f |p ric  |a Texas A&M University  |b Rellis Campus  |c Joint Library Facility  |d Remote Storage  |t 0  |e L11 .M33  |h Library of Congress classification  |i unmediated -- volume  |k v.58  |l 1978/1979  |m A14822176565 
952 f f |p ric  |a Texas A&M University  |b Rellis Campus  |c Joint Library Facility  |d Remote Storage  |t 0  |e L11 .M33  |h Library of Congress classification  |i unmediated -- volume  |k v.55  |l 1975/1976  |m A14822176719 
952 f f |p ric  |a Texas A&M University  |b Rellis Campus  |c Joint Library Facility  |d Remote Storage  |t 0  |e L11 .M33  |h Library of Congress classification  |i unmediated -- volume  |k v.50  |l 1970/1971  |m A14822176963 
952 f f |p ric  |a Texas A&M University  |b Rellis Campus  |c Joint Library Facility  |d Remote Storage  |t 0  |e L11 .M33  |h Library of Congress classification  |i unmediated -- volume  |k v.51  |l 1971/1972  |m A14822176913 
952 f f |p ric  |a Texas A&M University  |b Rellis Campus  |c Joint Library Facility  |d Remote Storage  |t 0  |e L11 .M33  |h Library of Congress classification  |i unmediated -- volume  |k v.53  |l 1973/1974  |m A14822176816 
952 f f |p ric  |a Texas A&M University  |b Rellis Campus  |c Joint Library Facility  |d Remote Storage  |t 0  |e L11 .M33  |h Library of Congress classification  |i unmediated -- volume  |k v.60:no.1:sect.1,no.2-8  |l 1980/1981  |m A14821970160 
952 f f |p ric  |a Texas A&M University  |b Rellis Campus  |c Joint Library Facility  |d Remote Storage  |t 0  |e L11 .M33  |h Library of Congress classification  |i unmediated -- volume  |k v.54  |l 1974/1975  |m A14822176769 
998 f f |a L11 .M33  |s v.60:no.2-8 (1980:Oct.-1981:May/June)  |t 0  |l Remote Storage